Wszystkie parki narodowe w Polsce – Quiz na mapie - Statystyki

Ogólne statystyki
  • Ten quiz został rozwiązany 21 432 razy
  • Średni wynik to 12 z 23
Odpowiedzi na mapie
Odpowiedzi zakodowano w zielono-czerwonej skali na mapie do tego quizu, zgodnie z poniższymi procentami.
 
Statystyki odpowiedzi
Odpowiedź % Poprawnych
Tatrzański
73%
Białowieski
68%
Bieszczadzki
67%
Kampinoski
67%
Świętokrzyski
65%
Ojcowski
61%
Wielkopolski
59%
Słowiński
58%
Ujście Warty
57%
Woliński
57%
Gór Stołowych
55%
Karkonoski
55%
Biebrzański
53%
Bory Tucholskie
52%
Roztoczański
51%
Wigierski
50%
Pieniński
48%
Poleski
47%
Babiogórski
46%
Narwiański
45%
Drawieński
39%
Magurski
38%
Gorczański
36%
Nie znaleziono quizów pasujących do podanych kryteriów
Rozkład punktacji
Procent ludzi z każdym wynikiem
Percentyl według liczby udzielonych odpowiedzi
Twoja historia wyników
Nie rozwiązałeś tego quizu